000 00793nam a2200217 a 4500
005 20070323134202.0
008 060906s2007 ii b 001 0 eng
010 _aENG-92431
020 _a8185495963
_c500.00
035 _aEN-75964
037 _bDBAD / PUB
040 _adpl
_bEnglish
082 _a341.23
245 _aReforming and restructuring the united nations /
_cedited by P.M. Kamath
260 _aNew Delhi :
_bAnamika Publishers & Distributors,
_c2007.
300 _a220p.
_c23 cm (Hb)
610 _aUnited nations.
700 _aKamath, P.M.
942 _2ddc
_cEN
_mREF
_h341.23
999 _c20801
_d20801